| 000 | 00843nam a2200277 i 4500 | ||
|---|---|---|---|
| 001 | 22110 | ||
| 003 | BD-RjUL | ||
| 005 | 20211209000752.0 | ||
| 008 | 140306s1979 cau b 001 0 eng | ||
| 020 | _a0520036549 | ||
| 035 | _a(BD-RjUL)22175 | ||
| 040 |
_aDLC _cDLC _dBD-RjUL _beng |
||
| 041 | _aeng | ||
| 082 | 0 | 0 |
_a155.3 _bHUM 1979 |
| 245 | 0 | 0 |
_aHuman sexuality : _ba comparative and developmental perspective / _cHerant A. Katchadourian, editor. |
| 260 |
_aBerkeley : _bUniversity of California Press, _cc1979. |
||
| 300 |
_avi, 358 p. ; _c23 cm. |
||
| 504 | _aIncludes bibliographies and index. | ||
| 650 | 0 |
_aSex role. _968265 |
|
| 650 | 0 |
_aIdentity (Psychology). _968266 |
|
| 650 | 0 |
_aSex (Psychology). _9150 |
|
| 700 | 1 |
_aKatchadourian, Herant A. _968267 |
|
| 942 |
_2ddc _cBK |
||
| 999 |
_c22110 _d22110 |
||